01642 a2200277 4500003000500000005001700005010001700022020001500039020001800054035002000072035002300092040000900115082001200124100001800136245010500154260004900259300003400308505063400342650004600976651001101022700002301033700002801056856010601084856009101190856008301281Nust20170207154047.0 a 2007007077 a0470147830 a9780470147832 a(OCoLC)85162159 a(OCoLC)ocm85162159 cNust00a621.3881 aArnold, John,10aDigital television :technology and standards -(E-BOOK)cJohn Arnold, Michael Frater, Mark Pickering. aHoboken, N.J. :bWiley-Interscience,cc2007. axvi, 625 p. :bill. ;c25 cm. aIntroduction to Analog and Digital Television (page-1), Characteristics of Video Material (page-17), Predictive Encoding (page-35), Transform Coding (page-87), Video Coder Syntax (page-129), The MPEG-2 Video Compression Standard (page-171), Perceptual Audio Coding (page-237), Frequency Analysis and Synthesis (page-253), MPEG Audio (page-285), Dolby AC-3 Audio (page-341), MPEG-2 Systems (page-421), DVB Service Information and ATSC Program and System Information Protocol (page-471), Digital Television Channel Coding and Modulation (page-525), Closed Captioning, Subtitling, and Teletext (page-571).  0aTelecommunications engineering - (E-BOOK) aE-BOOK1 aFrater, Michael R.1 aPickering, Mark,d1966-413Contributor biographical informationuhttp://www.loc.gov/catdir/enhancements/fy0739/2007007077-b.html413Publisher descriptionuhttp://www.loc.gov/catdir/enhancements/fy0739/2007007077-d.html413Table of contents onlyuhttp://www.loc.gov/catdir/toc/ecip0711/2007007077.html